Derecho de acceso a la información en el Poder Judicial (Record no. 122913)

MARC details
000 -LEADER
fixed length control field nam a22 7a 4500
005 - DATE AND TIME OF LATEST TRANSACTION
control field 20190909130154.0
008 - FIXED-LENGTH DATA ELEMENTS--GENERAL INFORMATION
fixed length control field 190814b mx ||||| |||| 00| 0 spa d
020 ## - INTERNATIONAL STANDARD BOOK NUMBER
International Standard Book Number 9707017171
050 04 - LIBRARY OF CONGRESS CALL NUMBER
Classification number KGF3015
Item number C33 2006
100 1# - MAIN ENTRY--PERSONAL NAME
Personal name Caballero Juárez, José Antonio
245 10 - TITLE STATEMENT
Title Derecho de acceso a la información en el Poder Judicial
Statement of responsibility, etc / José Antonio Caballero Juárez, Vanessa Díaz, Ernesto Villanueva.
250 ## - EDITION STATEMENT
Edition statement 1a ed.
260 ## - PUBLICATION, DISTRIBUTION, ETC. (IMPRINT)
Place of publication, distribution, etc México :
Name of publisher, distributor, etc H. Cámara de Diputados, LIX Legislatura :
-- Libertad de Información México ;
-- Miguel ángel Porrúa,
Date of publication, distribution, etc 2006.
300 ## - PHYSICAL DESCRIPTION
Extent 185 p. ;
Dimensions 23 cm.
490 0# - SERIES STATEMENT
Series statement Conocer para Decidir
504 ## - BIBLIOGRAPHY, ETC. NOTE
Bibliography, etc Incluye bibliografía e índice
650 #7 - SUBJECT ADDED ENTRY--TOPICAL TERM
Source of heading or term lemb
Topical term or geographic name as entry element Libertad de información
Geographic subdivision México
650 #7 - SUBJECT ADDED ENTRY--TOPICAL TERM
Source of heading or term lemb
Topical term or geographic name as entry element Administración de justicia
Geographic subdivision México
650 #4 - SUBJECT ADDED ENTRY--TOPICAL TERM
Topical term or geographic name as entry element Transparencia en el gobierno
Geographic subdivision México
700 1# - ADDED ENTRY--PERSONAL NAME
Personal name Díaz, Vanessa,
Relator term autor
700 1# - ADDED ENTRY--PERSONAL NAME
Personal name Villanueva, Ernesto,
Relator term autor
942 ## - ADDED ENTRY ELEMENTS (KOHA)
Source of classification or shelving scheme Biblioteca del Cogreso de los Estados Unidos
Koha item type Libro
Holdings
Estado de pérdida Fuente de clasificación Estado del daño No para préstamo Ubicación permanente Ubicación actual Apartado o colección Fecha de adquisición Fuente de adquisición Edición Área del conocimiento Clasificación Código de Barras Date last seen Número de copia Costo por reposición Tipo de recurso
  Biblioteca del Cogreso de los Estados Unidos     Biblioteca de la Facultad de Derecho y Ciencias Sociales "Felipe J. Tena" Biblioteca de la Facultad de Derecho y Ciencias Sociales "Felipe J. Tena" General 06/12/2016 Donación 1a ed. Ciencias Sociales y Administrativas KGF3015 C33 2006 BFD000008286 06/12/2016 1 1.00 Libro
  Biblioteca del Cogreso de los Estados Unidos     Biblioteca de la Facultad de Derecho y Ciencias Sociales "Felipe J. Tena" Biblioteca de la Facultad de Derecho y Ciencias Sociales "Felipe J. Tena" General 08/02/2017   1a ed. Ciencias Sociales y Administrativas KGF3015 C33 2006 BFD000008588 08/02/2017 2 1.00 Libro
  Biblioteca del Cogreso de los Estados Unidos     Biblioteca de la Unidad de Ciencias Ingeniería y Humanidades Biblioteca de la Unidad de Ciencias Ingeniería y Humanidades Colección "Miguel Ángel Porrúa" 27/09/2017 Donación 1a ed. Ciencias Sociales y Administrativas KGF3015 C33 2006 BCU000001153 27/09/2017 1 1.00 Libro
  Biblioteca del Cogreso de los Estados Unidos     Biblioteca del Posgrado en Derecho Biblioteca del Posgrado en Derecho Colección Ernesto Villanueva 14/08/2019 Donación 1a ed. Ciencias Sociales y Administrativas KGF3015 C33 2006 BPD000000613 14/08/2019 1 1.00 Libro
  Biblioteca del Cogreso de los Estados Unidos     Biblioteca del Posgrado en Derecho Biblioteca del Posgrado en Derecho Colección Ernesto Villanueva 14/08/2019 Donación 1a ed. Ciencias Sociales y Administrativas KGF3015 C33 2006 BPD000000614 14/08/2019 2 1.00 Libro
  Biblioteca del Cogreso de los Estados Unidos     Biblioteca del Posgrado en Derecho Biblioteca del Posgrado en Derecho Colección Ernesto Villanueva 14/08/2019 Donación 1a ed. Ciencias Sociales y Administrativas KGF3015 C33 2006 BPD000000615 14/08/2019 3 1.00 Libro
  Biblioteca del Cogreso de los Estados Unidos     Biblioteca del Posgrado en Derecho Biblioteca del Posgrado en Derecho Colección Ernesto Villanueva 14/08/2019 Donación 1a ed. Ciencias Sociales y Administrativas KGF3015 C33 2006 BPD000000616 14/08/2019 4 1.00 Libro
  Biblioteca del Cogreso de los Estados Unidos     Biblioteca del Posgrado en Derecho Biblioteca del Posgrado en Derecho Colección Ernesto Villanueva 14/08/2019 Donación 1a ed. Ciencias Sociales y Administrativas KGF3015 C33 2006 BPD000000617 14/08/2019 5 1.00 Libro